Statistics for Guess The Lyrics #21

Click here to take the quiz!

General Stats

  • This quiz has been taken 483 times
  • The average score is 701 of 1330

Answer Stats

% Correct
I
99%
a
98%
the
95%
The
95%
an
92%
he
92%
He
92%
you,
92%
you?
92%
you
92%
You
92%
be
90%
me,
89%
me
89%
love
88%
To
88%
to,
88%
to
88%
And
87%
and
87%
we
87%
We
87%
do
86%
It
84%
it?
84%
it
84%
it,
84%
go,
83%
"No."
83%
no
83%
on
82%
your
82%
can
81%
is
81%
is,
81%
So
81%
so
81%
in
79%
"In
79%
My
78%
my
78%
She
76%
she
76%
she?
76%
That
75%
that
75%
her?
74%
her
74%
what
74%
when
74%
Why
73%
why
73%
can't
72%
not
72%
of
70%
See,
70%
see
70%
See
70%
could
69%
know
69%
like
69%
don't
68%
Don't
68%
I'm
68%
they
68%
all
67%
all,
67%
for
67%
For
67%
have
67%
if
66%
If
66%
want
66%
It's
65%
it's
65%
There
65%
you're
65%
this
64%
This
64%
this,
64%
too
64%
too,
64%
too?
64%
are
63%
who
63%
hear
62%
would
61%
but
59%
but,
59%
But
59%
ever
58%
say
58%
should
58%
us
58%
was
58%
was...
58%
how
57%
How
57%
then
57%
as
56%
at
56%
one
56%
time
55%
UP
55%
up.
55%
up?
55%
up
55%
Just
54%
just
54%
some
54%
Some
54%
did
53%
his
53%
man,
53%
man
53%
Man,
53%
got
51%
never
51%
out
51%
out?
51%
said
51%
said,
51%
get
50%
him?
50%
him
50%
with
50%
bad,
49%
bad
49%
had
49%
now
49%
now,
49%
Now
49%
day,
47%
think
47%
I'll
46%
gone
45%
way
45%
does
43%
from
43%
been
42%
down
42%
I'd
40%
Oh
40%
I've
39%
need
39%
than
39%
didn't,
38%
didn't
38%
Come
37%
even
37%
more,
37%
more
37%
by
36%
knew
36%
off
36%
Well,
36%
yours,
36%
about
35%
About
35%
always
35%
make
35%
or
35%
Or
35%
back,
33%
back
33%
friend
33%
only
33%
two
33%
you'll
33%
Look,
32%
mad?
31%
mad
31%
bed
30%
call
30%
home
30%
tell
30%
that's
30%
That's
30%
though,
30%
car
29%
'cause
29%
'Cause
29%
cold
29%
he's
29%
over
29%
right
29%
left
28%
much
28%
real,
28%
saw
28%
wondering
28%
everything
26%
picture
26%
rain
26%
something
26%
Stan
26%
Stan,
26%
still
26%
wall
26%
wanted
26%
wants
26%
old
25%
put
25%
together,
25%
together?
25%
window
25%
morning
24%
must
24%
reminds
24%
dream
23%
hope
23%
song
23%
away
22%
really
22%
talk
22%
talk!
22%
wanna
22%
Dear
21%
last
21%
mom
21%
what's
21%
without
21%
ain't
20%
father
20%
fuck
20%
girlfriend
20%
hurt
20%
little,
20%
little
20%
made
20%
name
20%
people
20%
shit,
20%
shit
20%
brother,
19%
brother
19%
fan
19%
help
19%
kill
19%
seen
19%
tea's
19%
being
18%
die,
18%
letter,
18%
letter
18%
myself
18%
Try
18%
years
18%
better
17%
clouds
17%
'em
17%
Hey
17%
Hey,
17%
Slim,
17%
wrote
17%
wrote,
17%
-
16%
Before
16%
doing
16%
far
16%
four
16%
gray,
16%
likes
16%
other
16%
Sometimes
16%
sorry
16%
used
16%
write
16%
biggest
15%
hit
15%
it'll
15%
late.
15%
read
15%
Remember
15%
Tonight"
15%
daughter?
14%
daughter
14%
daughter,
14%
drive?
14%
guy
14%
sleep
14%
found
13%
guess
13%
phone
13%
pregnant
13%
pregnant,
13%
she'll
13%
show,
13%
show
13%
six
13%
calling
12%
chance
12%
gotta
12%
hours
12%
how's
12%
kid
12%
lose
12%
outside
12%
saying
12%
word.
12%
answer
11%
beat
11%
bitch!
11%
bitch
11%
called
11%
fine
11%
FUCKED
11%
fucked
11%
girlfriend's
11%
letters;
11%
letters
11%
maybe
11%
met
11%
sent
11%
understand,
11%
yourself,
11%
Air
10%
along
10%
ass
10%
bottom
10%
cut
10%
pain
10%
post
10%
room
10%
send
10%
trunk,
10%
waited
10%
bout
9%
cell,
9%
crazy
9%
fucking
9%
growing
9%
lied
9%
pictures
9%
pictures,
9%
pretty
9%
probably
9%
autograph
8%
Bonnie
8%
bridge
8%
Damn!
8%
else
8%
everyday,
8%
fans
8%
full
8%
himself
8%
I'mma
8%
meant
8%
office
8%
pager,
8%
problem
8%
Anyways,
7%
anyways;
7%
concert
7%
each
7%
forgot,
7%
idol
7%
meet
7%
months
7%
neither;
7%
posters
7%
scream
7%
songs
7%
Uncle
7%
addresses
6%
ago
6%
almost
6%
autumn,
6%
blistering
6%
breathe
6%
chat,
6%
chest
6%
drove
6%
here's
6%
jot
6%
Matthew
6%
missed
6%
news
6%
perfect
6%
Ronnie,
6%
shitty
6%
signed
6%
sloppy
6%
such
6%
tattoo
6%
truly
6%
trying
6%
underground
6%
across
5%
bleeds
5%
cheat
5%
coulda
5%
dare
5%
drank
5%
glad
5%
helps
5%
Phil
5%
P.S.
5%
relate
5%
respect
5%
rush
5%
Sincerely
5%
Skam
5%
treat
5%
adrenaline,
4%
busy
4%
cap
4%
Collins
4%
Denver
4%
depressed
4%
deserve
4%
diss
4%
drowning
4%
drunk
4%
dude
4%
fifth
4%
jealous
4%
Mister
4%
package
4%
phat
4%
reaches
4%
saved
4%
scribble
4%
sooner
4%
sudden
4%
tape,
4%
tied
4%
vodka,
4%
weeks
4%
drift
3%
freeway
3%
kinda
3%
not-a
3%
Rawkus,
3%
sending
3%
supposed
3%
90
2%
cassette
2%
couple
2%
eats
2%
flattered
2%
issues,
2%
lousy
2%
relax
2%
ripped
2%
ruined
2%
screaming
2%
sick
2%
Starter
2%
suffer
2%
This'll
2%
walls
2%
wrists,
2%
1000
1%
24-jul
1%
bouncing
1%
clowning
1%
conscience
1%
counseling
1%
downers
1%
drowsy
1%
I'm-Too-Good-To-Call-Or-Write-My-Fans,
1%
inspire
1%
intentionally
1%
rescued
1%
slit
1%
suffocates
1%
throat,
1%
type
1%
C'mon!
0%
dogg,
0%
how'm
0%
musta
0%
shit'll
0%
Slim,—shut
0%

Score Distribution

Percentile by Number Answered

Percent of People with Each Score

Your Score History

You have not taken this quiz